000
00293nam a2200121Ia 4500
008
241028s9999 xx 000 0 und d
041
_a
eng
082
_a
658.314 CAP
100
_a
Jaice Caplan
245
_a
The Value Of Talent
260
_b
Kogen Page
_a
London
_c
2011
300
_a
175;. P. 23 cm
999
_c
42952
_d
42952